| 000 | 00346nam a2200133Ia 4500 | ||
|---|---|---|---|
| 005 | 20250729165733.0 | ||
| 008 | 250729s2013 xx 000 0 und d | ||
| 041 | _aeng | ||
| 082 | _a420.25 AMIG | ||
| 100 |
_aA Amin _9231787 |
||
| 245 | _aGrammar Builder - 2 | ||
| 260 |
_aNew Delhi _bCambridge University Press _c2013 |
||
| 650 |
_aEnglish _9231788 |
||
| 999 |
_c239456 _d239456 |
||